Entry Personal Name
Number of records used in: 1
001 - CONTROL NUMBER
003 - CONTROL NUMBER IDENTIFIER
005 - DATE AND TIME OF LATEST TRANSACTION
- control field:
20220922112516.0
008 - FIXED-LENGTH DATA ELEMENTS
- fixed length control field:
131107n| azannaabn |n aaa c
010 ## - LIBRARY OF CONGRESS CONTROL NUMBER
- LC control number:
no2013124076
035 ## - SYSTEM CONTROL NUMBER
- System control number:
(OCoLC)oca09609441
040 ## - CATALOGING SOURCE
- Original cataloging agency:
NNC
- Language of cataloging:
eng
- Description conventions:
rda
- Transcribing agency:
NNC
046 ## - SPECIAL CODED DATES
100 1# - HEADING--PERSONAL NAME
- Personal name:
Schutt, Rachel,
- Dates associated with a name:
1976-
370 ## - ASSOCIATED PLACE
- Other associated place:
New York (N.Y.)
- Source of term:
naf
372 ## - FIELD OF ACTIVITY
- Field of activity:
Statistics
- Source of term:
lcsh
373 ## - ASSOCIATED GROUP
- Associated group:
Columbia University
- Source of term:
naf
374 ## - OCCUPATION
- Occupation:
College teachers
- Source of term:
lcsh
375 ## - GENDER
377 ## - ASSOCIATED LANGUAGE
670 ## - SOURCE DATA FOUND
- Source citation:
Doing data science, 2013:
- Information found:
title page (Rachel Schutt) page 4 of cover (adjunct professor of statistics at Columbia University)
670 ## - SOURCE DATA FOUND
- Source citation:
OCLC, Nov. 6, 2013
- Information found:
(access point : Schutt, Rachel, 1976- ; usage : Rachel Schutt)